Normal view
MARC view
Entry Personal Name
001 - CONTROL NUMBER
- control field: 2271
003 - CONTROL NUMBER IDENTIFIER
- control field: ARRUPE
005 - DATE AND TIME OF LATEST TRANSACTION
- control field: 20131008145159.0
008 - FIXED-LENGTH DATA ELEMENTS
- fixed length control field: 131008|| aca||aabn | a|a d
040 ## - CATALOGING SOURCE
- Original cataloging agency: ARRUPE
- Transcribing agency: ARRUPE
100 ## - HEADING--PERSONAL NAME
- Personal name: Rossi, Paolo,
- Dates associated with a name: 1923-
670 ## - SOURCE DATA FOUND
- Source citation: Work cat.: (ARRUPE)0: Rossi, Paolo, 1923-, Philosophy, technology, and the arts in the early modern era., [1970]